Statistics for Germany Football Internationals since 1990 Born OUTSIDE the Country

Click here to take the quiz!

General Stats

  • This quiz has been taken 160 times
  • The average score is 6 of 11

Answer Stats

CapsYearsClubs (when capped)BirthplacePLAYER% Correct
1302004-17Koln, Bayern Munich, Arsenal (ENG), Internazionale (ITA), Galatasaray (TUR)PolandLukas Podolski
96%
1372001-14Kaiserslautern, Werder Bremen, Bayern Munich, Lazio (ITA)PolandMiroslav Klose
94%
232009-12StuttgartBrazilCacau (Claudemir Barreto)
61%
432001-06SchalkeGhanaGerald Asamoah
61%
522003-08Stuttgart, SchalkeBrazilKevin Kuranyi
44%
691998-2008Hansa Rostock, Bayer Leverkusen, Borussia MoenchengladbachSwitzerlandOliver Neuville
41%
352006-10HamburgerPolandPiotr Trochowski
40%
131998-2000Bayer Leverkusen, Santos (BRA)BrazilPaulo Rink
33%
162008-10Borussia Moenchengladbach, Werder BremenBosnia & HerzegovinaMarko Marin
32%
371994-2004Stuttgart, Hanover, Hertha BerlinSloveniaFredi Bobic
29%
171997-2000Chemie Halle, Bochum, Hertha BerlinPolandDarius Wosz
26%

Score Distribution

Percentile by Number Answered

Percent of People with Each Score

Your Score History

You have not taken this quiz